Sports Quiz

Random Sports or Football Quiz

NFC Starters of the Decade by Team (2000s) Quiz Stats

Quiz not verified by Sporcle

Challenge
Share
Tweet
Embed
Score 0/176 Timer 20:00
0 Plays Today
% Correct
Kurt Warner
94%
Derek Smith
91.8%
Brett Favre
89.7%
Mike Vick
89%
Roy Williams
88.7%
Kevin Williams
88.7%
Tony Romo
88.6%
Roy E Williams
88.6%
Shaun Williams
88.6%
Jake Delhomme
88.4%
Eli Manning
88.3%
Julius Jones
87.5%
Kevin Jones
87.5%
Thomas Jones
87.5%
Walter Jones
87.5%
Donnie Jones
87.5%
Freddie Jones
87.4%
Brad Johnson
85.9%
Keyshawn Johnson
85.9%
Dirk Johnson
85.8%
Eric Johnson
85.8%
Anquan Boldin and Larry Fitzgerald
85.5%
Donovan McNabb
85%
Darrell Jackson
84.4%
Steven Jackson
84.4%
Ahman Green
84.1%
Roddy White
83.7%
Tiki Barber
83.5%
Ronde Barber
83.4%
Dante Culpepper
82.1%
Warrick Dunn
81.3%
Matt Hasselbeck
80.3%
Donald Driver
80.1%
Santana Moss
80%
Randy Moss
79.9%
Brian Westbrook
79%
Aaron Brooks
78.2%
Derrick Brooks
78.2%
Mark Bulger
77.6%
Bradie James
77.3%
Edgerrin James
77.3%
Terrell Owens
77%
Shaun Alexander
75.6%
Kyle Orton
75.1%
Deuce McAllister
74.7%
Jason Witten
74.3%
Torry Holt
73.9%
Jeff Garcia
73.7%
Jeremy Shockey
73.6%
Jeremy Shockey
73.6%
Frank Gore
73.2%
Mushin Muhammad
72.2%
Joe Horn
71.9%
Amani Toomer
71.5%
Clinton Portis
70.3%
Jason Campbell
68.9%
Sheldon Brown
68.4%
Josh Brown
68.4%
Alex Brown
68.4%
% Correct
Mike Brown
68.4%
Leonard Davis
67.3%
Alge Crumpler
66%
Brian Urlacher
65.5%
Joey Harrington
63.5%
Michael Strahan
59.8%
Jordan Gross
57.1%
David Akers
56.8%
Julius Peppers
56.5%
Bubba Franks
55.7%
Sean Taylor
54.8%
Chris Cooley
54.7%
Al Harris
54.1%
Nick Harris
54%
Adrian Wilson
51.2%
DeShaun Foster
51.1%
Fred Thomas
48.8%
Brian Dawkins
48.5%
Ryan Longwell
48.2%
Ryan Longwell
48.2%
Orlando Pace
46.2%
Neil Rackers
44.3%
John Kasay
44.3%
Michael Bennett
43.9%
Keith Brooking
43.5%
Chad Lewis
43%
Will Allen
42.9%
Marty Booker
42.6%
Jason Hanson
42.1%
Olin Kreutz
41.1%
Terry Glenn
40.9%
John Hall
40.9%
Desmond Clark
37.2%
Terence Newman
36.8%
Nick Collins
34.7%
John Carney
34.6%
Darnell Dockett
33.3%
Flozell Adams
33.3%
Charles Tillman
32.6%
Andy Lee
32.3%
Boss Bailey
31%
Chris Samuels
30.2%
Michael Pittman
29.9%
Bryant Young
29.2%
Antoine Winfield
28.8%
Jeff Feagles
28.5%
Jeff Feagles
28.5%
Chad Clifton
28.5%
Martin Gramatica
28.4%
Nick Barnett
28.1%
Jeremiah Trotter
28.1%
EJ Henderson
27.3%
Shaun Rogers
26.7%
Lawrence Tynes
26.1%
Charles Grant
25.7%
Marcus Trufant
25.6%
Dan Morgan and Will Witherspoon
24.8%
Antonio Pierce
24.6%
Karlos Dansby
24.2%
% Correct
Leonard Little
24%
Todd Pinkston
23.6%
Lofa Tatupu
23.4%
Jon Runyan
23.2%
Chris Gamble
22.9%
Jeff Wilkins
22.9%
David Diehl
22.6%
Bryant McKinnie
22.2%
Joe Nedney
21.5%
Jahri Evans, Jon Stinchcomb, Jerry Fontenot
21.3%
Dre Bly
21.1%
Jim Kleinsasser
20.8%
Jay Feely
20.5%
Aaron Kampman
19.9%
Ahmad Plummer
19.3%
Brad Maynard
19.1%
Patrick Kerney
18.3%
Greg Ellis
16.2%
Mat McBriar
16.2%
Jeff Backus
14.6%
Marcus Washington
13.1%
Fred Smoot
11.5%
Paul Edinger
11%
Corey Simon
10.9%
Lawyer Milloy
10.8%
Chris Kluwe
10.6%
Jason Baker
10.5%
Billy Cundiff
10.4%
Mike Minter
9.7%
Adam Archuleta
8.9%
Scott Player
8.5%
Josh Bidwell
7.8%
Josh Bidwell
7.8%
Kenoy Kennedy
7.5%
Cornelius Griffin
7.5%
Brandon Manumaleuna
7.1%
Michael Koenen
6.8%
Scott Shanle
6.6%
Anthony 'Booger' McFarland
6.6%
Jermaine Phillips
5.9%
Ken Hamlin
5.8%
Todd McClure
5%
Itula Mili
4.5%
Ray Buchanan
4.4%
Mitch Berger
4.1%
Ken Dilger
4%
Corey Chavous
3.9%
Kris Mangum
3.7%
Pisa Tinoisamoa
3.5%
Tony Parrish
3.2%
Travis Fisher
2.9%
Eric Heitmann
2.7%
David Sloan
2.6%
Rocky Bernard
2.3%
Jonathan Wade
2.2%
Derrick Frost
1.7%
David Barrett
1.1%
Jay Bellamy
1.1%

You're not logged in!

Compare scores with friends on all Sporcle quizzes.
Sign Up with Email
OR
Log In

You Might Also Like...

Show Comments

Extras

Top Quizzes Today


Score Distribution

Your Account Isn't Verified!

In order to create a playlist on Sporcle, you need to verify the email address you used during registration. Go to your Sporcle Settings to finish the process.